Online
Catalog

Negociar en la Edad Media = Négocier Au Moyen Âge. : (Record no. 41311)

MARC details
000 -CABECERA
campo de control de longitud fija 01306nam a2200241 a 4500
001 - NÚMERO DE CONTROL
campo de control 000041822
005 - FECHA Y HORA DE LA ÚLTIMA TRANSACCIÓN
campo de control 20201002035756.0
008 - DATOS DE LONGITUD FIJA--INFORMACIÓN GENERAL
campo de control de longitud fija 131018s2005 sp 000 0 spa d
020 ## - NÚMERO INTERNACIONAL ESTÁNDAR DEL LIBRO
Número Internacional Estándar del Libro 8400083660
040 ## - FUENTE DE LA CATALOGACIÓN
Centro catalogador/agencia de origen DO-SdBNP
Lengua de catalogación spa
Centro/agencia transcriptor BNPHU
082 ## - NÚMERO DE LA CLASIFICACIÓN DECIMAL DEWEY
Número de clasificación xxxx
Número de documento/Ítem xxxx
245 00 - MENCIÓN DE TÍTULO
Título Negociar en la Edad Media = Négocier Au Moyen Âge. :
Resto del título actas del Coloquio celebrado en Barcelona los días 14, 15 y 16 de octubre de 2004 = actes du colloque tenu à Barcelone du 14 au 16 octubre 2004. /
Mención de responsabilidad, etc. María Teresa Ferrer Mallol, Jean-Marie Moeglin, Stéphane Péquignot, Manuel Sánchez Martínez.
246 31 - FORMA VARIANTE DE TÍTULO
Título propio/Titulo breve Négocier au moyen âge
Resto del título actes du colloque tenu à Barcelone du 14 au 16 octubre 2004
260 ## - PUBLICACIÓN, DISTRIBUCIÓN, ETC.
Lugar de publicación, distribución, etc. Barcelona, :
Nombre del editor, distribuidor, etc. Consejo Superior de Investigaciones Científicas
-- Institución Milá y Fontanals, Depto. de Estudios Mediavales Casa de Velázquez
-- Université de Paris-XII (Val-de-Marne),
Fecha de publicación, distribución, etc. 2005.
300 ## - DESCRIPCIÓN FÍSICA
Extensión 593 p. ;
Dimensiones 24 cm.
490 1# - MENCIÓN DE SERIE
Mención de serie Anuario de estudios medievales, anejo
Designación de volumen o secuencia 61
500 ## - NOTA GENERAL
Nota general Incluye notas y referencias bibliografícas al pie de página
700 1# - PUNTO DE ACCESO ADICIONAL--NOMBRE DE PERSONA
Nombre de persona Ferrer Mallol, María Teresa
9 (RLIN) 68696
700 1# - PUNTO DE ACCESO ADICIONAL--NOMBRE DE PERSONA
Nombre de persona Moeglin, Jean-Marie
9 (RLIN) 68697
700 1# - PUNTO DE ACCESO ADICIONAL--NOMBRE DE PERSONA
Nombre de persona Péquignot, Stéphane
9 (RLIN) 68698
700 1# - PUNTO DE ACCESO ADICIONAL--NOMBRE DE PERSONA
Nombre de persona Sánchez Martínez, Manuel
9 (RLIN) 68485
830 #0 - PUNTO DE ACCESO ADICIONAL DE SERIE-TÍTULO UNIFORME
Título uniforme Anuario de estudios medievales, anejo
Designación de volumen o secuencia 61
9 (RLIN) 64050
Holdings
Estado de retiro Estado de pérdida Restricciones de uso No para préstamo Código de colección Localización permanente Ubicación/localización actual Ubicación en estantería Fecha de adquisición Número de inventario Total de préstamos Signatura topográfica completa Código de barras Fecha visto por última vez Precio válido a partir de Tipo de ítem Koha
      Excluido de préstamo Monografías: Libros y Folletos General General En catalogación 18.10.2013 LF1   xxxx xxxx 41822-10 25.06.2020 25.06.2020 No se presta

Powered by Koha